Sectoral terms of trade and economic growth in India (Record no. 26388)

MARC details
000 -LEADER
fixed length control field 00294nam a2200109Ia 4500
082 ## - DEWEY DECIMAL CLASSIFICATION NUMBER
Classification number 339.5.057.7
Item number SIN
100 ## - MAIN ENTRY--AUTHOR NAME
Personal name SINGH, M L
245 #0 - TITLE STATEMENT
Title Sectoral terms of trade and economic growth in India
260 ## - PUBLICATION, DISTRIBUTION, ETC. (IMPRINT)
Place of publication India
Name of publisher Sterling
Year of publication 1976
942 ## - ADDED ENTRY ELEMENTS (KOHA)
Koha item type Books
Holdings
Withdrawn status Lost status Damaged status Not for loan Home library Current library Date acquired Full call number Accession Number Koha item type
        RRII Library RRII Library 16/12/2021 339.5.057.7 SIN 07024 Books